000 01757cam a22004694i 4500
003 PE-LiUPU
005 20250731173130.0
008 150623s r 000 0 d
020 _a0805416366
035 _a(Sirsi) i9780805416367
040 _aPE-LiUPU
_bspa
_cPE-LiUPU
_erda
049 _aPRUA
082 0 4 _a233.5
_bE41
_221
100 1 _aElmore, Vernon O.,
_eautor.
245 1 0 _aLayman's library of christian doctrine :
_bman as God's creation /
_cVeron O. Elmore.
264 1 _aNashville, Tennessee :
_bBroadman Press,
_c1973.
300 _a168 páginas ;
_c20 centímetros
336 _atext
_2rdacontent
337 _aunmediated
_2rdamedia
338 _avolume
_2rdacarrier
490 0 _aLayman's Library of Christian Doctrine ;
_v6
504 _aIncluye bibliografía.
505 0 _aThe mystery of man. In the image of God. Facets of human personhood. Man's unusual capacities. The divine assignment. Human dignity. Male and female. Human society. Created free. Christ renewing the image. Scripture index.
526 _aSEG42
526 _aSEG41
526 _aSEG40
526 _aSEG39
526 _aP94
526 _aP87
526 _aP86
526 _aP85
526 _aP77
526 _aP76
526 _aP35
650 0 4 _aAntropología teológica.
942 _2ddc
_cBOOK
949 _a233.5 E41
_wDEWEY
_c1
_i51584
_lCCODEBUL1
_mBUL
_p10.00
_r0
_sY
_tBOOK
_u2015-6-24
_xTEOLOGIA
_PP35
_0COMPRA
_o.STAFF. Colección General
994 _aC0
_bPEPRU
596 _a1
999 _a233.5 E41
_wDEWEY
_c33313
_i51584
_d33313
_e2019-1-10
_f2021-11-10
_g5
_lCCODEBUL1
_mBUL
_n2
_p10.00
_q1
_r0
_sY
_tBOOK
_u2015-6-24
_xTEOLOGIA
_PP35
_0COMPRA
_o.STAFF. Colección General
980 _81
_gALBERTO SANCHEZ Responsable de Automatización